Statistiques concernant Les Pokémons intermédiaires, jusqu'à la 6G

Cliquez ici pour prendre le quiz!

Statistiques générales

  • Ce quiz a été pris 54 fois
  • Le résultat moyen est 68 sur 86

Statistiques - réponses

Réponse % Correct
2Herbizarre
100%
14Coconfort
100%
11Chrysacier
100%
5Reptincel
100%
8Carabaffe
100%
25Pikachu
97%
17Roucoups
97%
148Draco
95%
126Magmar
95%
125Elektek
92%
159Crocrodil
92%
75Gravalanch
92%
64Kadabra
92%
256Galifeu
92%
156Feurisson
92%
259Flobio
92%
153Macronium
89%
93Spectrum
89%
253Massko
89%
268Blindalys
87%
266Armulys
87%
397Etourvol
87%
35Mélofée
87%
499Grotichon
87%
42Nosferalto
87%
44Ortide
87%
39Rondoudou
84%
394Prinplouf
84%
391Chimpenfeu
84%
30Nidorina
84%
375Métang
84%
388Boskara
84%
281Kirlia
84%
70Boustiflor
84%
67Machopeur
84%
444Carmache
84%
33Nidorino
84%
496Lianaja
84%
502Mateloutre
84%
356Téraclope
82%
372Drackhaus
82%
520Colombeau
82%
113Leveinard
82%
651Boguérisse
82%
657Croâporal
82%
654Roussil
82%
329Vibraninf
79%
112Rhinoféros
79%
61Têtarte
79%
315Rosélia
79%
176Togetic
76%
611Incisache
76%
180Lainergie
76%
662Braisillon
76%
507Ponchien
74%
247Ymphect
74%
533Ouvrifier
74%
665Pérégrain
71%
541Couverdure
71%
634Diamat
71%
274Pifeuil
71%
271Lombre
71%
575Mesmérella
68%
117Hypocéan
68%
82Magnéton
68%
552Escroco
68%
305Galegon
68%
578Méios
66%
288Vigoroth
66%
705Colimucus
66%
544Scobolide
66%
188Floravol
66%
608Mélancolux
66%
233Porygon2
63%
221Cochignon
63%
600Clic
63%
294Ramboum
63%
364Phogleur
63%
404Luxio
63%
603Lampéroie
61%
525Géolithe
61%
680Dimoclès
55%
670Floette
55%
183Marill
55%
583Sorboul
55%
536Batracné
55%

Distribution des résultats

Percentile by Number Answered

% des personnes avec chaque résultat

Votre développement - résultats

Vous n’avez pas pris ce quiz